The King's Things - Categories Quiz - Statistics

General Stats
  • This quiz has been taken 16 times
  • The average score is 9 of 30
Answer Stats
CLUE ANSWER % Correct
Senior Clergy Bishop
64%
Underwood Carrie
64%
CATEGORY: CHESS PIECES
64%
Cavalryman Knight
64%
Patsy Pawn
64%
Crow Rook
64%
I Feel the Earth Move Carole King
57%
The Thrill Is Gone B.B. King
50%
CATEGORY: FICTIONAL PRINCESSES
50%
I'd Just as Soon Kiss a Wookie Leia
50%
Fried Veggie Loops Onion Rings
43%
Let Down Your Hair Rapunzel
43%
Stand by Me Ben E. King
36%
As You Wish Buttercup
29%
CATEGORY: SINGERS NAMED KING
29%
CATEGORY: BOOKS BY STEPHEN KING
21%
CATEGORY: BURGER KING MENU ITEMS
21%
Big Lie Whopper
21%
CATEGORY: APPS BY KING.COM
14%
It's Dangerous to Go Alone - Take This Zelda
14%
Tall Tale Big Fish
7%
Tiffi and Mr. Toffee's Game Candy Crush Saga
7%
Fowl Fingers Chicken Fries
7%
Anguish Misery
7%
Betty and Barney's Game AlphaBetty Saga
0%
Stella and Morgana's Game Bubble Witch Saga
0%
Spiderweb Charm Dreamcatcher
0%
America's Sweetheart Elle King
0%
Amelia and Rancid's Game Farm Heroes Saga
0%
Kindling Firestarter
0%
No matching quizzes found
Score Distribution
Percent of People with Each Score
Percentile by Number Answered
Your Score History
You have not taken this quiz